[Event "DEM U12 2025"]
[Site "Willingen GER"]
[Date "2025.06.13"]
[Round "8"]
[White "Pradeep, Harshill"]
[Black "Belin, Anton"]
[Result "1-0"]
[Termination "normal"]
[Board "2"]
[WhiteElo "1936"]
[BlackElo "2061"]
[WhiteClock "00:29:08"]
[BlackClock "00:21:49"]
[PlyCount "53"]
[WhiteFideId "34629513"]
[BlackFideId "34610952"]
[EventCountry "GER"]
[EventRounds "9"]
[EventType "swiss"]
[EventDate "2025.06.07"]

1. e4 {[%clk 01:30:58]} {[%emt 00:00:02]} c5 {[%clk 01:30:56]} {[%emt
00:00:05]} 2. Nf3 {[%clk 01:31:21]} {[%emt 00:00:06]} d6 {[%clk 01:31:17]}
{[%emt 00:00:09]} 3. Bb5+ {[%clk 01:31:43]} {[%emt 00:00:08]} Nd7 {[%clk
01:31:37]} {[%emt 00:00:10]} 4. Ba4 {[%clk 01:32:05]} {[%emt 00:00:08]} Ngf6
{[%clk 01:29:32]} {[%emt 00:02:35]} 5. O-O {[%clk 01:31:07]} {[%emt 00:01:28]}
a6 {[%clk 01:24:10]} {[%emt 00:05:52]} 6. c4 {[%clk 01:30:39]} {[%emt
00:00:59]} Nxe4 {[%clk 01:19:04]} {[%emt 00:05:36]} 7. Re1 {[%clk 01:30:38]}
{[%emt 00:00:30]} Nef6 {[%clk 01:18:56]} {[%emt 00:00:38]} 8. d4 {[%clk
01:30:39]} {[%emt 00:00:29]} e6 {[%clk 01:15:56]} {[%emt 00:03:31]} 9. d5
{[%clk 01:30:56]} {[%emt 00:00:13]} Be7 {[%clk 01:14:15]} {[%emt 00:02:10]} 10.
dxe6 {[%clk 01:26:22]} {[%emt 00:05:04]} fxe6 {[%clk 01:14:04]} {[%emt
00:00:41]} 11. Ng5 {[%clk 01:23:48]} {[%emt 00:03:04]} e5 {[%clk 01:09:54]}
{[%emt 00:04:40]} 12. Ne6 {[%clk 01:23:20]} {[%emt 00:00:58]} Qa5 {[%clk
01:08:46]} {[%emt 00:01:38]} 13. Nxg7+ {[%clk 01:14:04]} {[%emt 00:09:45]} Kf7
{[%clk 01:08:25]} {[%emt 00:00:52]} 14. Nf5 {[%clk 01:13:16]} {[%emt 00:01:19]}
Nf8 {[%clk 00:46:16]} {[%emt 00:22:39]} 15. Nxe7 {[%clk 00:59:10]} {[%emt
00:14:35]} Kxe7 {[%clk 00:46:38]} {[%emt 00:00:07]} 16. Bd2 {[%clk 00:55:07]}
{[%emt 00:04:33]} Qc7 {[%clk 00:46:02]} {[%emt 00:01:06]} 17. Bg5 {[%clk
00:50:10]} {[%emt 00:05:27]} Rg8 {[%clk 00:43:53]} {[%emt 00:02:39]} 18. f4
{[%clk 00:43:33]} {[%emt 00:07:07]} Ne6 {[%clk 00:41:14]} {[%emt 00:03:10]} 19.
fxe5 {[%clk 00:41:41]} {[%emt 00:02:22]} dxe5 {[%clk 00:39:02]} {[%emt
00:02:41]} 20. Bxf6+ {[%clk 00:36:23]} {[%emt 00:05:48]} Kxf6 {[%clk 00:39:24]}
{[%emt 00:00:08]} 21. Nc3 {[%clk 00:35:47]} {[%emt 00:01:06]} Nf4 {[%clk
00:36:07]} {[%emt 00:03:46]} 22. Nd5+ {[%clk 00:30:57]} {[%emt 00:05:21]} Nxd5
{[%clk 00:36:31]} {[%emt 00:00:07]} 23. cxd5 {[%clk 00:30:47]} {[%emt
00:00:39]} Bg4 {[%clk 00:21:20]} {[%emt 00:15:42]} 24. Rf1+ {[%clk 00:29:47]}
{[%emt 00:01:31]} Ke7 {[%clk 00:21:49]} {[%emt 00:00:01]} 25. d6+ {[%clk
00:28:50]} {[%emt 00:01:27]} Qxd6 {[%clk 00:21:56]} {[%emt 00:00:22]} 26. Rf7+
{[%clk 00:29:08]} {[%emt 00:00:12]} Kxf7 {[%clk 00:21:49]} {[%emt 00:00:37]}
27. Qxd6 {[%emt 00:00:22]} 1-0

[Event "DEM U12 2025"]
[Site "Willingen GER"]
[Date "2025.06.13"]
[Round "8"]
[White "Andersen, Jonathan"]
[Black "Shen, Tingrui"]
[Result "0-1"]
[Termination "normal"]
[Board "3"]
[WhiteElo "1787"]
[BlackElo "2101"]
[WhiteClock "00:00:51"]
[BlackClock "00:01:15"]
[PlyCount "66"]
[WhiteFideId "34623884"]
[BlackFideId "34603441"]
[EventCountry "GER"]
[EventRounds "9"]
[EventType "swiss"]
[EventDate "2025.06.07"]

1. e4 {[%clk 01:30:56]} {[%emt 00:00:03]} c5 {[%clk 01:30:33]} {[%emt
00:00:28]} 2. Nf3 {[%clk 01:31:17]} {[%emt 00:00:09]} Nc6 {[%clk 01:30:05]}
{[%emt 00:00:58]} 3. d4 {[%clk 01:31:39]} {[%emt 00:00:08]} cxd4 {[%clk
01:30:26]} {[%emt 00:00:09]} 4. Nxd4 {[%clk 01:32:04]} {[%emt 00:00:05]} g6
{[%clk 01:29:59]} {[%emt 00:00:57]} 5. c4 {[%clk 01:32:12]} {[%emt 00:00:22]}
Nf6 {[%clk 01:29:27]} {[%emt 00:01:02]} 6. Nc3 {[%clk 01:32:30]} {[%emt
00:00:12]} Nxd4 {[%clk 01:29:22]} {[%emt 00:00:35]} 7. Qxd4 {[%clk 01:32:53]}
{[%emt 00:00:07]} d6 {[%clk 01:29:33]} {[%emt 00:00:18]} 8. Be3 {[%clk
01:33:06]} {[%emt 00:00:18]} Bg7 {[%clk 01:29:48]} {[%emt 00:00:15]} 9. f3
{[%clk 01:33:20]} {[%emt 00:00:15]} O-O {[%clk 01:27:39]} {[%emt 00:02:40]} 10.
Qd2 {[%clk 01:33:31]} {[%emt 00:00:19]} a5 {[%clk 01:25:11]} {[%emt 00:02:59]}
11. Na4 {[%clk 01:32:28]} {[%emt 00:01:33]} Nd7 {[%clk 01:15:09]} {[%emt
00:10:31]} 12. O-O-O {[%clk 01:32:25]} {[%emt 00:00:34]} Qc7 {[%clk 01:13:18]}
{[%emt 00:02:21]} 13. Kb1 {[%clk 01:26:57]} {[%emt 00:05:58]} Qc6 {[%clk
01:03:20]} {[%emt 00:10:27]} 14. b3 {[%clk 01:23:33]} {[%emt 00:03:54]} Nc5
{[%clk 00:59:42]} {[%emt 00:04:08]} 15. Nc3 {[%clk 00:58:33]} {[%emt 00:25:29]}
Be6 {[%clk 00:47:00]} {[%emt 00:13:13]} 16. Nd5 {[%clk 00:45:08]} {[%emt
00:13:56]} Bxd5 {[%clk 00:36:08]} {[%emt 00:11:21]} 17. exd5 {[%clk 00:45:27]}
{[%emt 00:00:11]} Qd7 {[%clk 00:33:31]} {[%emt 00:03:06]} 18. g4 {[%clk
00:24:17]} {[%emt 00:21:43]} e5 {[%clk 00:15:16]} {[%emt 00:18:45]} 19. h4
{[%clk 00:19:50]} {[%emt 00:04:57]} e4 {[%clk 00:10:16]} {[%emt 00:05:30]} 20.
f4 {[%clk 00:17:10]} {[%emt 00:03:10]} Qxg4 {[%clk 00:06:53]} {[%emt 00:03:53]}
21. h5 {[%clk 00:16:30]} {[%emt 00:01:11]} Qf5 {[%clk 00:04:52]} {[%emt
00:02:30]} 22. hxg6 {[%clk 00:15:00]} {[%emt 00:02:00]} fxg6 {[%clk 00:03:52]}
{[%emt 00:01:30]} 23. Qh2 {[%clk 00:05:43]} {[%emt 00:09:47]} h6 {[%clk
00:03:22]} {[%emt 00:01:00]} 24. Bh3 {[%clk 00:04:41]} {[%emt 00:01:32]} Qf6
{[%clk 00:03:09]} {[%emt 00:00:42]} 25. Rd4 {[%clk 00:05:08]} {[%emt 00:00:04]}
Rae8 {[%clk 00:02:50]} {[%emt 00:00:49]} 26. Rg1 {[%clk 00:04:23]} {[%emt
00:01:15]} Kh7 {[%clk 00:01:53]} {[%emt 00:01:27]} 27. Rf1 {[%clk 00:02:27]}
{[%emt 00:02:26]} Nd3 {[%clk 00:01:13]} {[%emt 00:01:11]} 28. Qg3 {[%clk
00:01:51]} {[%emt 00:01:06]} Qf7 {[%clk 00:00:54]} {[%emt 00:00:49]} 29. f5
{[%clk 00:01:54]} {[%emt 00:00:27]} gxf5 {[%clk 00:00:46]} {[%emt 00:00:38]}
30. Bxf5+ {[%clk 00:02:12]} {[%emt 00:00:12]} Kh8 {[%clk 00:00:48]} {[%emt
00:00:28]} 31. Qxd6 {[%clk 00:02:24]} {[%emt 00:00:18]} Qh5 {[%clk 00:01:00]}
{[%emt 00:00:18]} 32. Qd7 {[%clk 00:01:16]} {[%emt 00:01:38]} Qe2 {[%clk
00:00:54]} {[%emt 00:00:35]} 33. Rxd3 {[%clk 00:00:51]} {[%emt 00:00:56]} Qxd3+
{[%clk 00:01:15]} {[%emt 00:00:09]} 0-1

[Event "DEM U12 2025"]
[Site "Willingen GER"]
[Date "2025.06.13"]
[Round "8"]
[White "Sheng, Ming"]
[Black "Li, Yunqi"]
[Result "1/2-1/2"]
[Termination "normal"]
[Board "4"]
[WhiteElo "2038"]
[BlackElo "2124"]
[WhiteClock "00:02:00"]
[BlackClock "00:30:30"]
[PlyCount "80"]
[WhiteFideId "34605258"]
[BlackFideId "34610618"]
[EventCountry "GER"]
[EventRounds "9"]
[EventType "swiss"]
[EventDate "2025.06.07"]

1. e4 {[%clk 01:30:59]} e6 {[%clk 01:30:46]} {[%emt 00:00:14]} 2. d4 {[%clk
01:31:12]} {[%emt 00:00:17]} d5 {[%clk 01:31:12]} {[%emt 00:00:04]} 3. Nd2
{[%clk 01:31:34]} {[%emt 00:00:08]} Nf6 {[%clk 01:31:35]} {[%emt 00:00:07]} 4.
e5 {[%clk 01:31:58]} {[%emt 00:00:07]} Nfd7 {[%clk 01:32:01]} {[%emt 00:00:04]}
5. c3 {[%clk 01:32:23]} {[%emt 00:00:05]} c5 {[%clk 01:32:25]} {[%emt
00:00:06]} 6. f4 {[%clk 01:32:36]} {[%emt 00:00:17]} Nc6 {[%clk 01:32:42]}
{[%emt 00:00:13]} 7. Ndf3 {[%clk 01:32:59]} {[%emt 00:00:07]} Qb6 {[%clk
01:32:46]} {[%emt 00:00:26]} 8. a3 {[%clk 01:33:12]} {[%emt 00:00:17]} cxd4
{[%clk 01:31:43]} {[%emt 00:01:34]} 9. cxd4 {[%clk 01:33:33]} {[%emt 00:00:08]}
Na5 {[%clk 01:31:29]} {[%emt 00:00:44]} 10. Ne2 {[%clk 01:33:36]} {[%emt
00:00:26]} Nb3 {[%clk 01:29:25]} {[%emt 00:02:35]} 11. Rb1 {[%clk 01:33:51]}
{[%emt 00:00:14]} Nxc1 {[%clk 01:29:51]} {[%emt 00:00:05]} 12. Qxc1 {[%clk
01:34:08]} {[%emt 00:00:12]} Be7 {[%clk 01:29:00]} {[%emt 00:01:21]} 13. Nc3
{[%clk 01:34:08]} {[%emt 00:00:30]} a6 {[%clk 01:29:10]} {[%emt 00:00:21]} 14.
Bd3 {[%clk 01:34:12]} {[%emt 00:00:25]} Qd8 {[%clk 01:27:51]} {[%emt 00:01:50]}
15. O-O {[%clk 01:33:27]} {[%emt 00:01:15]} Nb6 {[%clk 01:26:48]} {[%emt
00:01:33]} 16. b3 {[%clk 01:32:09]} {[%emt 00:01:47]} Bd7 {[%clk 01:17:39]}
{[%emt 00:09:40]} 17. Qb2 {[%clk 01:28:23]} {[%emt 00:04:16]} O-O {[%clk
01:17:03]} {[%emt 00:01:05]} 18. Rbc1 {[%clk 01:27:35]} {[%emt 00:01:19]} Nc8
{[%clk 01:13:46]} {[%emt 00:03:47]} 19. f5 {[%clk 01:14:14]} {[%emt 00:13:52]}
exf5 {[%clk 01:01:51]} {[%emt 00:12:25]} 20. Nxd5 {[%clk 01:10:51]} {[%emt
00:03:52]} Qa5 {[%clk 01:01:25]} {[%emt 00:00:56]} 21. Nxe7+ {[%clk 01:08:09]}
{[%emt 00:03:11]} Nxe7 {[%clk 01:01:19]} {[%emt 00:00:37]} 22. Nd2 {[%clk
00:53:18]} {[%emt 00:15:20]} b5 {[%clk 00:58:17]} {[%emt 00:03:32]} 23. b4
{[%clk 00:53:02]} {[%emt 00:00:45]} Qb6 {[%clk 00:56:06]} {[%emt 00:02:42]} 24.
Nb3 {[%clk 00:52:56]} {[%emt 00:00:35]} Be6 {[%clk 00:49:51]} {[%emt 00:06:45]}
25. Nc5 {[%clk 00:51:47]} {[%emt 00:01:39]} Rad8 {[%clk 00:48:03]} {[%emt
00:02:18]} 26. Rfd1 {[%clk 00:34:35]} {[%emt 00:17:42]} Nd5 {[%clk 00:42:21]}
{[%emt 00:06:15]} 27. Qf2 {[%clk 00:28:45]} {[%emt 00:06:19]} Bc8 {[%clk
00:40:47]} {[%emt 00:02:05]} 28. Re1 {[%clk 00:27:33]} {[%emt 00:01:41]} Qg6
{[%clk 00:39:41]} {[%emt 00:01:36]} 29. Rf1 {[%clk 00:26:58]} {[%emt 00:01:05]}
Qh6 {[%clk 00:39:29]} {[%emt 00:00:43]} 30. Bxf5 {[%clk 00:03:33]} {[%emt
00:23:55]} Bxf5 {[%clk 00:39:30]} {[%emt 00:00:30]} 31. Qxf5 {[%clk 00:04:01]}
{[%emt 00:00:01]} Ne3 {[%clk 00:39:50]} {[%emt 00:00:10]} 32. Qf4 {[%clk
00:03:25]} {[%emt 00:01:06]} Nxf1 {[%clk 00:39:48]} {[%emt 00:00:33]} 33. Qxh6
{[%clk 00:02:36]} {[%emt 00:01:18]} gxh6 {[%clk 00:40:14]} {[%emt 00:00:05]}
34. Rxf1 {[%clk 00:03:00]} {[%emt 00:00:06]} Rxd4 {[%clk 00:40:29]} {[%emt
00:00:15]} 35. e6 {[%clk 00:03:15]} {[%emt 00:00:15]} Rd6 {[%clk 00:36:42]}
{[%emt 00:04:17]} 36. e7 {[%clk 00:02:21]} {[%emt 00:01:24]} Ra8 {[%clk
00:35:01]} {[%emt 00:02:11]} 37. Ne4 {[%clk 00:02:28]} {[%emt 00:00:22]} Re6
{[%clk 00:35:24]} {[%emt 00:00:07]} 38. Nf6+ {[%clk 00:02:46]} {[%emt
00:00:11]} Kg7 {[%clk 00:35:45]} {[%emt 00:00:10]} 39. Nh5+ {[%clk 00:01:39]}
{[%emt 00:01:36]} Kg8 {[%clk 00:31:03]} {[%emt 00:05:14]} 40. Nf6+ {[%clk
00:02:00]} {[%emt 00:00:08]} Kg7 {[%clk 00:30:30]} {[%emt 00:01:03]} 1/2-1/2

[Event "DEM U12 2025"]
[Site "Willingen GER"]
[Date "2025.06.13"]
[Round "8"]
[White "Chakhalov, Mikael"]
[Black "Hoppe, Arthur"]
[Result "0-1"]
[Termination "normal"]
[Board "5"]
[WhiteElo "1902"]
[BlackElo "1922"]
[WhiteClock "00:35:26"]
[BlackClock "01:16:31"]
[PlyCount "66"]
[WhiteFideId "34644458"]
[BlackFideId "34618910"]
[EventCountry "GER"]
[EventRounds "9"]
[EventType "swiss"]
[EventDate "2025.06.07"]

1. c4 {[%clk 01:30:57]} {[%emt 00:00:03]} e6 {[%clk 01:30:54]} {[%emt
00:00:06]} 2. Nc3 {[%clk 01:31:08]} {[%emt 00:00:17]} Nf6 {[%clk 01:31:19]}
{[%emt 00:00:06]} 3. Nf3 {[%clk 01:30:59]} {[%emt 00:00:39]} d5 {[%clk
01:31:20]} {[%emt 00:00:29]} 4. d4 {[%clk 01:31:14]} {[%emt 00:00:15]} dxc4
{[%clk 01:31:21]} {[%emt 00:00:29]} 5. e3 {[%clk 01:31:16]} {[%emt 00:00:29]}
a6 {[%clk 01:31:46]} {[%emt 00:00:05]} 6. a4 {[%clk 01:30:37]} {[%emt
00:01:10]} Bb4 {[%clk 01:32:03]} {[%emt 00:00:13]} 7. Bxc4 {[%clk 01:30:38]}
{[%emt 00:00:27]} O-O {[%clk 01:32:28]} {[%emt 00:00:05]} 8. O-O {[%clk
01:30:59]} {[%emt 00:00:09]} b6 {[%clk 01:32:44]} {[%emt 00:00:14]} 9. Bd2
{[%clk 01:29:13]} {[%emt 00:02:17]} Bb7 {[%clk 01:33:06]} {[%emt 00:00:08]} 10.
Qe2 {[%clk 01:29:17]} {[%emt 00:00:26]} Nbd7 {[%clk 01:33:00]} {[%emt
00:00:36]} 11. Rac1 {[%clk 01:29:20]} {[%emt 00:00:27]} Qe7 {[%clk 01:32:29]}
{[%emt 00:01:01]} 12. Rfd1 {[%clk 01:29:13]} {[%emt 00:00:36]} Rfd8 {[%clk
01:31:36]} {[%emt 00:01:23]} 13. Be1 {[%clk 01:28:20]} {[%emt 00:01:22]} c5
{[%clk 01:24:35]} {[%emt 00:07:33]} 14. Na2 {[%clk 01:11:22]} {[%emt 00:17:28]}
Bxe1 {[%clk 01:24:50]} {[%emt 00:00:14]} 15. Nxe1 {[%clk 01:11:36]} {[%emt
00:00:15]} b5 {[%clk 01:24:24]} {[%emt 00:00:56]} 16. Bb3 {[%clk 01:02:17]}
{[%emt 00:09:49]} c4 {[%clk 01:20:37]} {[%emt 00:04:17]} 17. Bc2 {[%clk
01:02:18]} {[%emt 00:00:28]} e5 {[%clk 01:21:02]} {[%emt 00:00:07]} 18. b3
{[%clk 01:00:16]} {[%emt 00:02:31]} exd4 {[%clk 01:20:27]} {[%emt 00:01:05]}
19. Rxd4 {[%clk 00:59:17]} {[%emt 00:01:29]} cxb3 {[%clk 01:20:21]} {[%emt
00:00:36]} 20. Bxb3 {[%clk 00:59:27]} {[%emt 00:00:20]} Nc5 {[%clk 01:20:45]}
{[%emt 00:00:06]} 21. Rxd8+ {[%clk 00:57:40]} {[%emt 00:02:17]} Rxd8 {[%clk
01:20:45]} {[%emt 00:00:30]} 22. Qc2 {[%clk 00:57:05]} {[%emt 00:01:03]} Nfe4
{[%clk 01:18:37]} {[%emt 00:02:40]} 23. Rd1 {[%clk 00:54:21]} {[%emt 00:03:14]}
Nxb3 {[%clk 01:17:52]} {[%emt 00:01:15]} 24. Qxb3 {[%clk 00:53:08]} {[%emt
00:01:43]} Nc5 {[%clk 01:17:46]} {[%emt 00:00:36]} 25. Rxd8+ {[%clk 00:50:10]}
{[%emt 00:03:28]} Qxd8 {[%clk 01:18:06]} {[%emt 00:00:09]} 26. Qc2 {[%clk
00:50:06]} {[%emt 00:00:33]} Nxa4 {[%clk 01:18:02]} {[%emt 00:00:36]} 27. Nb4
{[%clk 00:49:52]} {[%emt 00:00:43]} Qe7 {[%clk 01:17:24]} {[%emt 00:01:09]} 28.
Nc6 {[%clk 00:40:45]} {[%emt 00:09:37]} Qc5 {[%clk 01:16:59]} {[%emt 00:00:55]}
29. Qxc5 {[%clk 00:38:46]} {[%emt 00:02:30]} Nxc5 {[%clk 01:17:20]} {[%emt
00:00:09]} 30. Na5 {[%clk 00:38:33]} {[%emt 00:00:42]} b4 {[%clk 01:16:40]}
{[%emt 00:01:10]} 31. Nc2 {[%clk 00:36:28]} {[%emt 00:02:35]} b3 {[%clk
01:15:51]} {[%emt 00:01:20]} 32. Na3 {[%clk 00:36:29]} {[%emt 00:00:28]} Bd5
{[%clk 01:16:08]} {[%emt 00:00:12]} 33. f3 {[%clk 00:35:26]} {[%emt 00:01:34]}
b2 {[%clk 01:16:31]} {[%emt 00:00:08]} 0-1

[Event "DEM U12 2025"]
[Site "Willingen GER"]
[Date "2025.06.13"]
[Round "8"]
[White "Steinbrenner, Peter"]
[Black "Gersemann, Karl"]
[Result "1/2-1/2"]
[Termination "normal"]
[Board "6"]
[WhiteElo "1908"]
[BlackElo "1982"]
[WhiteClock "00:19:51"]
[BlackClock "00:25:29"]
[PlyCount "47"]
[WhiteFideId "34645535"]
[BlackFideId "34602186"]
[EventCountry "GER"]
[EventRounds "9"]
[EventType "swiss"]
[EventDate "2025.06.07"]

1. b3 {[%clk 01:30:50]} {[%emt 00:00:10]} d5 {[%clk 01:30:50]} {[%emt
00:00:10]} 2. Bb2 {[%clk 01:31:08]} {[%emt 00:00:11]} Nf6 {[%clk 01:31:12]}
{[%emt 00:00:07]} 3. e3 {[%clk 01:31:10]} {[%emt 00:00:30]} e6 {[%clk
01:31:16]} {[%emt 00:00:27]} 4. f4 {[%clk 01:30:26]} {[%emt 00:01:14]} c5
{[%clk 01:31:16]} {[%emt 00:00:29]} 5. Nf3 {[%clk 01:29:28]} {[%emt 00:01:28]}
Be7 {[%clk 01:31:17]} {[%emt 00:00:28]} 6. Qe2 {[%clk 01:28:43]} {[%emt
00:01:16]} a6 {[%clk 01:29:58]} {[%emt 00:01:49]} 7. d3 {[%clk 01:26:06]}
{[%emt 00:03:07]} Nc6 {[%clk 01:29:17]} {[%emt 00:01:10]} 8. Ne5 {[%clk
01:23:51]} {[%emt 00:02:46]} Nxe5 {[%clk 01:27:53]} {[%emt 00:01:54]} 9. Bxe5
{[%clk 01:23:59]} {[%emt 00:00:22]} O-O {[%clk 01:28:12]} {[%emt 00:00:11]} 10.
Nd2 {[%clk 01:21:27]} {[%emt 00:03:02]} Nd7 {[%clk 01:24:17]} {[%emt 00:04:23]}
11. Bb2 {[%clk 01:19:14]} {[%emt 00:02:44]} b5 {[%clk 01:12:35]} {[%emt
00:12:11]} 12. g3 {[%clk 01:15:30]} {[%emt 00:04:15]} Bb7 {[%clk 01:12:27]}
{[%emt 00:00:37]} 13. Bg2 {[%clk 01:15:35]} {[%emt 00:00:26]} Qc7 {[%clk
01:11:57]} {[%emt 00:00:58]} 14. O-O {[%clk 01:13:17]} {[%emt 00:02:50]} Rae8
{[%clk 00:55:26]} {[%emt 00:17:00]} 15. e4 {[%clk 00:47:29]} {[%emt 00:26:20]}
d4 {[%clk 00:55:18]} {[%emt 00:00:37]} 16. c3 {[%clk 00:45:43]} {[%emt
00:02:16]} dxc3 {[%clk 00:54:12]} {[%emt 00:01:35]} 17. Bxc3 {[%clk 00:45:59]}
{[%emt 00:00:16]} Nf6 {[%clk 00:44:34]} {[%emt 00:10:06]} 18. Rac1 {[%clk
00:41:47]} {[%emt 00:04:43]} Qb6 {[%clk 00:43:03]} {[%emt 00:02:00]} 19. Kh1
{[%clk 00:38:21]} {[%emt 00:03:57]} Rc8 {[%clk 00:39:38]} {[%emt 00:03:55]} 20.
h3 {[%clk 00:30:24]} {[%emt 00:08:29]} Rfd8 {[%clk 00:38:43]} {[%emt 00:01:24]}
21. Qe3 {[%clk 00:27:10]} {[%emt 00:03:45]} Rd7 {[%clk 00:31:32]} {[%emt
00:07:41]} 22. Nf3 {[%clk 00:26:41]} {[%emt 00:00:59]} Rdc7 {[%clk 00:27:12]}
{[%emt 00:04:49]} 23. Ne5 {[%clk 00:22:16]} {[%emt 00:04:56]} Nd7 {[%clk
00:25:29]} {[%emt 00:02:12]} 24. Nf3 {[%clk 00:19:51]} {[%emt 00:02:56]}
1/2-1/2

[Event "DEM U12 2025"]
[Site "Willingen GER"]
[Date "2025.06.13"]
[Round "8"]
[White "Retzlaff, Nick"]
[Black "Naumann, Lennart"]
[Result "1/2-1/2"]
[Termination "normal"]
[Board "7"]
[WhiteElo "1790"]
[BlackElo "1820"]
[WhiteClock "00:31:54"]
[BlackClock "00:28:32"]
[PlyCount "56"]
[WhiteFideId "34610367"]
[BlackFideId "34644830"]
[EventCountry "GER"]
[EventRounds "9"]
[EventType "swiss"]
[EventDate "2025.06.07"]

1. e4 {[%clk 01:30:57]} {[%emt 00:00:02]} c6 {[%clk 01:30:57]} {[%emt
00:00:04]} 2. Nc3 {[%clk 01:31:23]} {[%emt 00:00:04]} d5 {[%clk 01:31:22]}
{[%emt 00:00:05]} 3. Nf3 {[%clk 01:31:50]} {[%emt 00:00:03]} dxe4 {[%clk
01:30:56]} {[%emt 00:00:55]} 4. Nxe4 {[%clk 01:32:16]} {[%emt 00:00:05]} Bf5
{[%clk 01:31:13]} {[%emt 00:00:13]} 5. Ng3 {[%clk 01:32:41]} {[%emt 00:00:05]}
Bg6 {[%clk 01:31:33]} {[%emt 00:00:09]} 6. h4 {[%clk 01:33:06]} {[%emt
00:00:05]} h6 {[%clk 01:31:52]} {[%emt 00:00:11]} 7. Ne5 {[%clk 01:33:23]}
{[%emt 00:00:13]} Bh7 {[%clk 01:31:48]} {[%emt 00:00:34]} 8. Qh5 {[%clk
01:33:49]} {[%emt 00:00:05]} g6 {[%clk 01:31:56]} {[%emt 00:00:22]} 9. Qf3
{[%clk 01:34:15]} {[%emt 00:00:04]} Nf6 {[%clk 01:32:11]} {[%emt 00:00:14]} 10.
Qb3 {[%clk 01:34:41]} {[%emt 00:00:04]} Qd5 {[%clk 01:26:48]} {[%emt 00:05:54]}
11. Qxb7 {[%clk 01:35:05]} {[%emt 00:00:06]} Qxe5+ {[%clk 01:26:52]} {[%emt
00:00:26]} 12. Be2 {[%clk 01:35:30]} {[%emt 00:00:05]} e6 {[%clk 01:25:36]}
{[%emt 00:01:40]} 13. a4 {[%clk 01:35:57]} {[%emt 00:00:09]} Bc5 {[%clk
01:23:57]} {[%emt 00:02:07]} 14. c3 {[%clk 01:36:24]} {[%emt 00:00:05]} Bxf2+
{[%clk 01:19:50]} {[%emt 00:04:36]} 15. Kxf2 {[%clk 01:36:51]} {[%emt
00:00:04]} Qf4+ {[%clk 01:20:09]} {[%emt 00:00:10]} 16. Bf3 {[%clk 01:37:17]}
{[%emt 00:00:04]} Ng4+ {[%clk 01:19:55]} {[%emt 00:00:42]} 17. Ke2 {[%clk
01:37:44]} {[%emt 00:00:06]} Qxg3 {[%clk 01:19:04]} {[%emt 00:01:19]} 18. Qc8+
{[%clk 01:38:11]} {[%emt 00:00:04]} Ke7 {[%clk 01:18:23]} {[%emt 00:01:11]} 19.
Qxh8 {[%clk 01:38:38]} {[%emt 00:00:04]} Nd7 {[%clk 00:47:40]} {[%emt
00:31:13]} 20. Qxa8 {[%clk 01:18:10]} {[%emt 00:20:59]} Qe5+ {[%clk 00:46:05]}
{[%emt 00:02:03]} 21. Kf1 {[%clk 01:18:20]} {[%emt 00:00:21]} g5 {[%clk
00:45:11]} {[%emt 00:01:24]} 22. Bxg4 {[%clk 01:07:09]} {[%emt 00:11:41]} Bd3+
{[%clk 00:44:58]} {[%emt 00:00:42]} 23. Kg1 {[%clk 00:36:58]} {[%emt 00:30:42]}
Qe1+ {[%clk 00:39:48]} {[%emt 00:05:39]} 24. Kh2 {[%clk 00:37:23]} {[%emt
00:00:06]} Qxh4+ {[%clk 00:40:12]} {[%emt 00:00:06]} 25. Kg1 {[%clk 00:33:51]}
{[%emt 00:04:04]} Qe1+ {[%clk 00:40:04]} {[%emt 00:00:38]} 26. Kh2 {[%clk
00:34:03]} {[%emt 00:00:16]} Qh4+ {[%clk 00:37:53]} {[%emt 00:02:42]} 27. Kg1
{[%clk 00:32:39]} {[%emt 00:01:56]} Qe1+ {[%clk 00:28:11]} {[%emt 00:10:11]}
28. Kh2 {[%clk 00:31:54]} {[%emt 00:01:15]} Qh4+ {[%clk 00:28:32]} {[%emt
00:00:07]} 1/2-1/2